Presidents and Prime Ministers by Date Quiz Stats

 Plays Quiz not verified by Sporcle

Score 0/25 Timer 10:00
0 Plays Today
Country Leader % Correct
USABarack Obama
99.4%
USAGeorge W. Bush
95.6%
USABill Clinton
93.5%
UKDavid Cameron
91.4%
UKGordon Brown
91.2%
USAGeorge H. W. Bush
90.3%
UKTony Blair
90%
UKMargaret Thatcher
89.1%
USARonald Reagan
88.2%
USAJames Carter
87%
USARichard Nixon
81.7%
USAGerald Ford
81.1%
UKJohn Major
79.4%
Country Leader % Correct
CanadaStephen Harper
65.2%
UKJames Callaghan
55.8%
UKHarold Wilson
53.7%
UKEdward Heath
53.7%
CanadaJean Chretien
48.1%
CanadaPierre Trudeau
47.8%
CanadaBrian Mulroney
46.9%
CanadaPaul Martin
46.6%
CanadaPierre Trudeau
46.3%
CanadaKim Campbell
46%
CanadaJoe Clark
37.8%
CanadaJohn Turner
33.6%

You're not logged in!

Compare scores with friends on all Sporcle quizzes.
OR
Log In

Show Comments

Extras

Top Quizzes Today


Score Distribution

Your Account Isn't Verified!

In order to create a playlist on Sporcle, you need to verify the email address you used during registration. Go to your Sporcle Settings to finish the process.

Report this User

Report this user for behavior that violates our Community Guidelines.

Details: